|
|
|
|
| LEADER |
00000nab a2200000 a 4500 |
| 001 |
vtls001524163 |
| 003 |
SK-MaSNL |
| 005 |
20260303190849.0 |
| 008 |
160314c2005 xo mr|p|||||||000 b|slo |
| 015 |
|
|
|a SNBRB2005/04
|2 snkbucl
|
| 038 |
|
|
|a SNKBUCL
|
| 040 |
|
|
|a SNKBUCL
|b slo
|c SNKBUCL
|e AACR2
|
| 041 |
0 |
|
|a slo
|
| 044 |
|
|
|a xo
|c SK
|
| 080 |
|
|
|a 811.162.4`38
|x (048)
|2 UDC-MRF-SK2
|
| 080 |
|
|
|a 81`38:811.162.4
|x (048)
|2 UDC-MRF-SK2
|
| 100 |
1 |
|
|a Nemcová, Emília,
|d 1953-
|4 aut
|9 105628
|
| 245 |
1 |
0 |
|a Problematika štylistiky nanovo
|c Emília Nemcová
|
| 650 |
0 |
7 |
|a slovenčina
|2 snkbucl
|9 1350
|
| 650 |
0 |
7 |
|a štylistika
|x monografie
|2 snkbucl
|9 524717
|
| 655 |
|
7 |
|a recenzie
|2 snkbucl
|9 21907
|
| 773 |
0 |
|
|t Knižná revue
|g Roč. XV, č. 1 (2005), s. 3
|x 1210-1982
|
| 787 |
0 |
8 |
|i Rec.:
|a Findra, Ján, 1934-
|t Štylistika slovenčiny
|d Martin : Osveta, c2004
|z 8080631425
|
| 852 |
|
|
|a SNK
|b KIS3GCP
|
| 958 |
|
|
|a RC
|
| 958 |
|
|
|a LX
|
| 999 |
|
|
|c 2138313
|d 2140243
|